Statistiques concernant Utilisateurs de Haki dans One Piece

Cliquez ici pour prendre le quiz!

Statistiques générales

  • Ce quiz a été pris 2 764 fois
    (2 610 depuis la dernière actualisation)
  • Le résultat moyen est 35 sur 91

Statistiques - réponses

Type(s) de HakiUtilisateur% Correct
OARMonkey D. Luffy
99%
OAZoro Roronoa
97%
OASanji Vinsmoke
96%
OARCharlotte Linlin
92%
OARShanks
92%
OAREdward Newgate
89%
ARGol D. Roger
88%
OARCharlotte Katakuri
85%
OARDonquixote Doflamingo
85%
OAMarshall D. Teach
82%
OAMonkey D. Garp
82%
ARPortgas D. Ace
81%
OASakazuki
81%
OATrafalgar D. Water Law
81%
REustass Kid
79%
OAKuzan
78%
OASabo
78%
OARSilvers Rayleigh
77%
OABorsalino
75%
OUsopp
73%
ODracule Mihawk
72%
OAMarco
71%
OARSengoku
71%
OARBoa Hancock
66%
AROden Kozuki
60%
OAIssho
59%
OAJinbei
57%
OACharlotte Cracker
52%
OASmoker
52%
OACharlotte Smoothie
50%
OEner
49%
OCoby
47%
OAJoz
46%
OAVista
45%
OAKinemon
44%
OARob Lucci
43%
OBasil Hawkins
40%
OACharlotte Perospero
40%
AX-Drake
40%
OAPica
37%
OAVergo
37%
OACharlotte Oven
36%
OAKaku
36%
OARDon Chinjao
35%
OADiamante
34%
OATashigi
33%
OAKanjuro
30%
OATrébol
30%
OAJesus Burgess
28%
OACharlotte Daifuku
26%
OHermep
26%
OACavendish
24%
OABoa Sandersonia
22%
OAKalifa
22%
OMomonosuke Kozuki
22%
OABoa Marigold
21%
OABlueno
19%
OCaborage
19%
OAJabura
19%
OASai
18%
OASentomaru
18%
OABellamy
17%
OATsuru
17%
OAMomonga
15%
OAPekoms
15%
OCrocus
14%
ORebecca
12%
OATamago
11%
OOhm
10%
OSatori
10%
OAisa
9%
OAFukuro
9%
ABoo
8%
OGedatsu
8%
AHyogoro
8%
OAKumadori
8%
AMargaret
8%
OShirahoshi
8%
OAStussy
8%
OABastille
7%
AKawamatsu
7%
OShura
7%
OHotori
4%
OKotori
4%
OOtohime
4%
OACalgara
3%
ACharlotte Cadenza
2%
ACharlotte Counter
2%
ACharlotte Raisin
2%
OAEdward Weevil
2%
ADraw
1%

Distribution des résultats

Percentile par nombre de réponses

% des personnes avec chaque résultat

Votre développement - résultats

Vous n’avez pas pris ce quiz depuis la dernière actualisation